Представление документа в формате MARC21

Поле Инд. ПП Название Значение
Тип записи a
Библиографический уровень b
001 Контрольный номер RU/IS/BASE/421255101
005 Дата корректировки 20220131120344.3
008 Кодируемые данные 20130507
084 a Индекс другой классификации/Индекс ББК 60.8с51
a Индекс другой классификации/Индекс ББК 66.033.141с51
100 1_ a Автор Голубева А. А.
q Полное имя Голубева Анастасия Алексеевна
100 1_ a Автор Ишматова Д. Р.
q Полное имя Ишматова Диана Рафаиловна
245 10 a Заглавие Электронная демократия в России: формирование традиции политической осведомленности и участия
500 a Примечание Аннотация статьи на английском языке: с. 206 - 207
504 a Библиография Лит. - Примеч.
520 0_ a Аннотация Среди преимущества развития сети Интернет выделяется возможность расширения демократического участия граждан в государственном и муниципальном управлении. Как показывает опыт зарубежных стран, отсутствие институциональной готовности и поддержки является одним из главных препятствий для успешного внедрения проектов электронного участия. На основе данных международных исследований, а также результатов анкетирования молодых граждан в статье проводится анализ различных факторов, препятствующих и способствующих развитию электронного участия в России.
650 04 a Основная рубрика политика
a Основная рубрика политология
a Основная рубрика социальное управление
653 0_ a Ключевые слова государственное управление
a Ключевые слова демократия
a Ключевые слова информационное общество
a Ключевые слова политическая активность
a Ключевые слова Россия
a Ключевые слова стратегическое управление
a Ключевые слова участие граждан в управлении
a Ключевые слова электронная демократия
a Ключевые слова электронное управление
a Ключевые слова электронное участие
a Ключевые слова эффективность управления
773 18 t Заглавие источника Вопросы государственного и муниципального управления
d Дата издания источника 2012
g Прочая информация № 4. - С. 50 - 65
w Контрольный № источника RU/IS/BASE/414172742
901 t Тип документа b